| 000 | 00602cam a22002052 4500 | ||
|---|---|---|---|
| 001 | 0000023306 | ||
| 003 | |||
| 005 | 20151217161503.0 | ||
| 008 | 121026s xxa 000 0 eng d | ||
| 020 |
_a _c$ |
||
| 040 |
_aYour Holding Symbol _cYour Holding Symbol |
||
| 100 | 1 |
_aGilchrist, John, _d _@0000181895 |
|
| 245 | 1 | 0 |
_aWhat every muslim should know about the Old and New Testaments : _b _c |
| 260 |
_aBenoni, South Africa : _bJesus To The Muslims, _c1988. |
||
| 300 | _a24 p. | ||
| 500 | _aPersonal book: Rev. Kitur. | ||
| 908 | _a121026 | ||
| 950 | _@1 | ||
| 999 |
_c15329 _d15329 |
||